000 00464nam a22001697a 4500
003 OSt
008 260512b |||||||| |||| 00| 0 eng d
082 _a633.18
_bS48S
100 _aSingh, Ashok Kumar
245 _aStudies on The Effect of Plant Density and Levels of Nitrogen on Yield and Quality of Summer Rice
260 _aPusa, Samastipur
_bRAU
_c1992
300 _a105P.
502 _bMsc.
_d1992
650 _aAgronomy
650 _aMsc.
942 _2ddc
_cT
999 _c50541
_d50541